[Event "Chess Classics op"]
[Site "Frankfurt"]
[Date "1996.??.??"]
[Round "?"]
[White "Kindermann, Stefan"]
[Black "Remling, Christian"]
[Result "1-0"]
[WhiteElo "2575"]
[BlackElo "2300"]

1.e4 d6 2.d4 Nf6 3.Nc3 e5 4.Nf3 Nbd7 5.Bc4 Be7 6.O-O O-O 7.a4 c6 8.Qe2 exd4
9.Nxd4 Ne5 10.Ba2 c5 11.Nf5 Bxf5 12.exf5 Re8 13.Bg5 Qd7 14.Bxf6 Bxf6 15.Nd5 Bd8
16.Qh5 Rc8 17.f4 Nc6 18.c3 g6 19.fxg6 hxg6 20.Qh6 Qf5 21.Rae1 Bf6 22.Rxe8+ Rxe8
23.Nxf6+ Qxf6 24.f5 Qg7 25.Qd2 g5 26.Qxd6 Re2 27.f6 Qg6 28.Bb1 Qh5 29.Qd7  1-0

[Event "GER-chT Seniors"]
[Site "Freudenstadt"]
[Date "1996.??.??"]
[Round "3"]
[White "Rosen, Willy"]
[Black "Braun, Gottfried"]
[Result "1-0"]
[WhiteElo "2270"]
[BlackElo "2330"]

1.e4 d6 2.d4 Nf6 3.Nc3 e5 4.Nf3 Nbd7 5.Be2 Be7 6.O-O O-O 7.Re1 b6 8.Bf1 Bb7
9.d5 a6 10.a4 c6 11.dxc6 Bxc6 12.Bg5 h6 13.Bxf6 Nxf6 14.Bc4 Qc7 15.Qd3 Bb7
16.Bb3 Qc5 17.Nd2 Rad8 18.Rad1 g6 19.Nf1 Kg7 20.Ne3 a5 21.Ncd5 Nxd5 22.Bxd5 Bc8
23.Qb3 Ba6 24.Bc4 Bb7 25.Nd5 Bxd5 26.Rxd5 Qc7 27.Rb5 Rb8 28.Bd5 Bg5 29.Re2 f5
30.Qd3 Rf6 31.Rb3 Qd7 32.Qb5 Qxb5 33.Rxb5 Rff8 34.Kf1 Rfc8 35.g3 fxe4 36.h4 Be7
37.c3 Rc5 38.Rxe4 Rxb5 39.axb5 Rc8 40.Ke2 Bf6 41.Rc4 Rxc4 42.Bxc4 Kf8 43.Kd3 Ke7
44.Ke4 g5 45.h5 g4 46.Kd5 Kd7 47.Be2 Bg5 48.Bxg4+ Kc7 49.b3 Bd2 50.c4 Bc1
51.Ke6 Bd2 52.Be2 Bc1 53.Bd3 Bd2 54.Be4 Bc1 55.c5 bxc5 56.b6+ Kxb6 57.Kxd6 Bb2
58.g4 a4 59.bxa4 c4 60.Ke6 Bd4 61.g5 c3 62.g6 c2 63.Bxc2  1-0

[Event "GER-chT Seniors"]
[Site "Freudenstadt"]
[Date "1996.??.??"]
[Round "7"]
[White "Delander, Adolf"]
[Black "Braun, Gottfried"]
[Result "1/2-1/2"]
[WhiteElo "2330"]
[BlackElo "2330"]

1.d4 d6 2.e4 Nf6 3.Nc3 e5 4.dxe5 dxe5 5.Qxd8+ Kxd8 6.Nf3 Bd6 7.Bc4 Be6 8.Bxe6 fxe6
9.Ng5 Ke7 10.f3 Nc6 11.Bd2 a6 12.Ne2 Nb4 13.Bxb4 Bxb4+ 14.c3 Bc5 15.Nc1 Be3
16.Nh3 Rad8 17.Ke2 Bc5 18.Nd3 Bd6 19.Rad1  1/2-1/2

[Event "Frydek-Mistek op"]
[Site "Frydek-Mistek"]
[Date "1996.??.??"]
[Round "2"]
[White "Chernyshov, Konstantin"]
[Black "Ianov, Viktor"]
[Result "1/2-1/2"]
[WhiteElo "2470"]
[BlackElo "2415"]

1.e4 d6 2.d4 Nf6 3.Nc3 e5 4.Nf3 Nbd7 5.g3 Be7 6.Bg2 O-O 7.O-O c6 8.a4 d5
9.b3 Re8 10.Bb2 Bf8 11.Qd2 Qb6 12.Rad1 exd4 13.Qxd4 Qc7 14.h3 Nc5 15.Rfe1 Bd7
16.Kh2 Rad8 17.Bc1 Bc8 18.Nh4 Ne6 19.Qc4 g6 20.f4 Nc5 21.Bb2 Nfd7 22.Qd4 f6
23.Bf1 Ne6 24.Qd2 Nec5 25.Bg2 Bh6 26.Qd4  1/2-1/2

[Event "Frydek-Mistek op"]
[Site "Frydek-Mistek"]
[Date "1996.??.??"]
[Round "6"]
[White "Blehm, Pawel"]
[Black "Berezjuk, Sergej"]
[Result "1/2-1/2"]
[WhiteElo "2435"]
[BlackElo "2425"]

1.e4 d6 2.d4 Nf6 3.Nc3 c6 4.f4 g6 5.Nf3 Bg7 6.Bd3 O-O 7.O-O Bg4 8.h3 Bxf3
9.Qxf3 Qb6 10.Ne2 c5 11.c3 cxd4 12.cxd4 e5 13.Be3 exf4 14.Qxf4 Na6 15.Rad1 Rae8
16.Qf3 Rc8 17.Bg5 Nd7 18.Be7 Bxd4+ 19.Kh1 Ne5 20.Qf6 Bxb2 21.Bxf8 Rxf8 22.Bxa6 Qxa6
23.Qf2 Nc4 24.Nf4 Bg7 25.Nd5 b5 26.Rb1 Qb7 27.Qe2 Qd7 28.a4 a6 29.axb5 axb5
30.Rb3 Rc8 31.Rxb5 h5 32.Rbb1 Na3 33.Rbc1 Rc7 34.Rfe1 Kh7 35.Qf3 Nb5 36.Qb3 Nd4
37.Qc4 Ne6 38.Ne3  1/2-1/2

[Event "Frydek-Mistek op"]
[Site "Frydek-Mistek"]
[Date "1996.??.??"]
[Round "9"]
[White "Pinkas, Karol"]
[Black "Ianov, Viktor"]
[Result "1-0"]
[WhiteElo "2375"]
[BlackElo "2415"]

1.e4 d6 2.d4 Nf6 3.Nc3 e5 4.Nf3 Nbd7 5.Bc4 Be7 6.O-O O-O 7.Re1 c6 8.a4 b6
9.h3 Bb7 10.Ba2 Rc8 11.Bg5 a6 12.Bh4 b5 13.Bxf6 Bxf6 14.d5 b4 15.dxc6 Bxc6
16.Nd5 a5 17.Bb3 Nb6 18.Nxb6 Qxb6 19.Qd3 g6 20.Rad1 Be7 21.Nd2 Kh8 22.Nc4 Qc5
23.Ne3 Qa7 24.Re2 Kg7 25.Kh1 Kh8 26.f3 Kg7 27.Ree1 h5 28.Rf1 Qc5 29.Qe2 Bg5
30.Nd5 f5 31.exf5 Rxf5 32.Qa6 Rff8 33.Qe2 Qa7 34.Qe1 h4 35.Qe2 Bd7 36.c3 Qc5
37.cxb4 axb4 38.Qe1 Rb8 39.Rf2 Bf5 40.Re2 Qc8 41.Qf2 Qa6 42.Ne3 Bd3 43.Ree1 e4
44.Nd5 Kh6 45.Qd4 Be2 46.Nc7 Qb7 47.Rxe2 exf3 48.Rc2 fxg2+ 49.Rxg2 Rf3 50.Nd5 Rxh3+
51.Kg1 Rxb3 52.Rxg5 Rg3+ 53.Rxg3 hxg3 54.Kg2  1-0

[Event "Troll Masters"]
[Site "Gausdal"]
[Date "1996.??.??"]
[Round "6"]
[White "Berg, Anders Hoyer"]
[Black "Pehlgrim, Andreas"]
[Result "0-1"]
[WhiteElo "2045"]
[BlackElo "2190"]

1.e4 d6 2.d4 Nf6 3.Nc3 c6 4.f4 Qa5 5.Bd3 e5 6.fxe5 dxe5 7.dxe5 Ng4 8.h3 Nxe5
9.Nf3 Nbd7 10.O-O Bd6 11.Kh1 O-O 12.Nd4 Ng6 13.Nf5 Bc7 14.Be3 Qe5 15.g3 Bb6
16.Qf3 Bxe3 17.Qxe3 Qc5 18.Rae1 Qxe3 19.Rxe3 Nde5 20.Kg2 Rd8 21.Ne2 Be6 22.b3 Rd7
23.Nfd4 Rad8 24.Nxe6 fxe6 25.Rd1 c5 26.Nc1 c4 27.bxc4 Nxc4 28.Re2 Nge5 29.Rde1 Na3
30.Rf2 a6 31.Bf1 Rd2 32.Bd3 Rxf2+ 33.Kxf2 Nb1 34.Ne2 Na3 35.Nc1 Kf8 36.Ke3 Ke7
37.Rf1 Nb1 38.Ne2 Na3 39.Nf4 g5 40.Ne2 h6 41.Ng1 Nac4+ 42.Ke2 b5 43.Nf3 Nxf3
44.Rxf3 Ne5 45.Rf1 Rd4 46.Rb1 Ra4 47.Rb2 Kd6 48.Kd2 Nc4+ 49.Bxc4 Rxc4 50.Rb3 Ke5
51.Rf3 Rd4+ 52.Kc1 Rxe4 53.Ra3 Ra4 54.Re3+ Kd5 55.Rd3+ Ke4 56.Rd6 Ke5 57.Rd8 Rxa2
58.h4 gxh4 59.gxh4 Ra4 60.h5 Rh4 61.Ra8 Rxh5 62.Rxa6 Kf6 63.Rb6 Re5 64.Rb8 h5
65.Rh8 Kg5 66.Kd2 h4 67.Kd3 Kg4 68.Rg8+ Rg5 69.Re8 h3 70.Rxe6 h2 71.Re4+ Kh3  0-1

[Event "Geneve op"]
[Site "Geneve"]
[Date "1996.??.??"]
[Round "3"]
[White "Rotman, Daniel"]
[Black "Allegro, Valery"]
[Result "1/2-1/2"]
[WhiteElo "2305"]
[BlackElo "2215"]

1.e4 d6 2.d4 Nf6 3.Nc3 c6 4.Nf3 Bg4 5.Be2 e6 6.O-O d5 7.Ne5 Bxe2 8.Qxe2 dxe4
9.Rd1 Nbd7 10.Nxe4 Nxe4 11.Qxe4 Nxe5 12.Qxe5 Qd5 13.Bf4 Qxe5 14.dxe5 Bc5
15.Rd3 Rd8 16.Rad1 Rxd3 17.Rxd3 Ke7 18.Kf1 Rc8 19.Ke2 h6 20.Bg3 Rd8 21.Bh4+ g5
22.Rxd8 Kxd8 23.Bg3 Ke7 24.Kd3 a6 25.Ke4 Kf8 26.h4 gxh4 27.Bxh4 Kg7 28.f3 Kg6
29.Bf6 h5  1/2-1/2

[Event "Geneve op"]
[Site "Geneve"]
[Date "1996.??.??"]
[Round "6"]
[White "Pinkus, Lutz"]
[Black "Allegro, Valery"]
[Result "1-0"]
[WhiteElo "2185"]
[BlackElo "2215"]

1.e4 d6 2.d4 Nf6 3.Nc3 c6 4.f4 Qa5 5.Bd3 Nbd7 6.e5 Nd5 7.Bd2 Nxc3 8.bxc3 Qd5
9.Nf3 Nb6 10.Qe2 Bg4 11.O-O dxe5 12.fxe5 g6 13.a4 Qd7 14.h3 Bxf3 15.Rxf3 Bg7
16.e6 Qxe6 17.Qxe6 fxe6 18.a5 Nd5 19.Re1 e5 20.dxe5 Rf8 21.Rxf8+ Kxf8 22.c4 Nc7
23.Bb4 Ke8 24.Bc5 Ne6 25.Be3 Kd7 26.Bf2 Kc7 27.Be2 b6 28.Bg4 Nf8 29.axb6+ axb6
30.e6 Ra1 31.Bg3+ Kd8 32.Rxa1 Bxa1 33.h4 c5 34.Bf4 Bg7 35.Kf2 h6 36.Kf3 Nh7
37.Bh3 Kc8 38.g4 Bf6 39.Bxh6 Bxh4 40.Bf4 Bg5 41.Bf1 Bf6 42.Ke4 Bd4 43.Bd3 Bg7
44.g5 Nf8 45.Kd5 Kb7 46.Bd6 Nxe6 47.Kxe6 exd6 48.Bxg6 Kc7 49.Be8  1-0

[Event "Oberliga Sued W9697"]
[Site "GER"]
[Date "1996.??.??"]
[Round "?"]
[White "Gamback, Bjorn"]
[Black "Fassnacht, Peter"]
[Result "1/2-1/2"]
[WhiteElo "2195"]
[BlackElo "2305"]

1.e4 c6 2.d4 d6 3.Nc3 Nf6 4.g3 Nbd7 5.Bg2 e5 6.Nge2 Be7 7.O-O O-O 8.h3 b5
9.a3 a6 10.f4 Bb7 11.Kh2 Re8 12.Be3 exd4 13.Nxd4 Bf8 14.e5 dxe5 15.Nxc6 Qc7
16.Nxe5 Bxg2 17.Kxg2 Nxe5 18.fxe5 Rad8 19.Qf3 Qxe5 20.Bf4 Qf5 21.Rf2 Bc5
22.g4 Qg6 23.Re2 Rxe2+ 24.Qxe2 h5 25.g5 h4 26.Rd1 Re8 27.Qd3 Nh5 28.Bc1 Qe6
29.Qd5 Be3 30.Qxe6 Rxe6 31.Kf3 Bxc1 32.Rxc1 f5 33.Rd1 Kf7 34.Rd4 Kg6 35.Rxh4 Kxg5
36.Rd4 Nf6 37.Ne2 Ne4 38.Nf4 Rh6 39.Rd7 Kf6 40.c3 g5 41.Ne2 Rxh3+ 42.Kg2 Re3
43.Nd4 g4 44.Rd5 Ng3 45.Rd6+ Kf7 46.Rd7+ Kg6 47.Rd6+ Kh5 48.Rxa6 f4 49.Ra8 Rd3
50.Rh8+ Kg5 51.Ne6+ Kf5 52.Nd4+ Ke5 53.Re8+ Kd6 54.Rd8+ Ke5 55.Re8+  1/2-1/2

[Event "BL2-O9596"]
[Site "Germany"]
[Date "1996.??.??"]
[Round "?"]
[White "Reipsch, Jens"]
[Black "Lorenz, Gerd"]
[Result "0-1"]
[WhiteElo "2240"]
[BlackElo "2255"]

1.e4 d6 2.d4 Nf6 3.Nc3 e5 4.dxe5 dxe5 5.Qxd8+ Kxd8 6.Bc4 Ke8 7.Bg5 c6 8.O-O-O Nbd7
9.Nf3 b5 10.Bxb5 cxb5 11.Nxb5 Rb8 12.Nc7+ Kd8 13.Nd5 Be7 14.Nxe5 Nxe5 15.Nxe7+ Kxe7
16.f4 h6 17.Bxf6+ gxf6 18.fxe5 fxe5 19.Rd5 f6 20.Rhd1 Bg4 21.R1d3 Rhd8 22.Ra5 Rb7
23.Kd2 Rxb2 24.Rxa7+ Rd7 25.Rdxd7+ Bxd7 26.Kc3 Rb1 27.a4 Kd6 28.a5 Bc6 29.Kd3 Rd1+
30.Ke3 Rd4 31.Rh7 Rxe4+ 32.Kf2 Rc4 33.Rxh6 Ke6 34.g3 Rxc2+ 35.Ke3 Rc4 36.a6 Ra4
37.g4 Rxg4 38.a7 Ra4 39.Rh7 Bd7  0-1

[Event "BL2-O9596"]
[Site "Germany"]
[Date "1996.??.??"]
[Round "?"]
[White "Euler, Gerd"]
[Black "Niedermaier, Hans"]
[Result "1-0"]
[WhiteElo "2365"]
[BlackElo "2210"]

1.e4 d6 2.d4 Nf6 3.Nc3 e5 4.Nf3 exd4 5.Nxd4 Nc6 6.Be2 Be7 7.Be3 O-O 8.O-O Re8
9.f4 Bf8 10.Bf3 Bd7 11.Bf2 Nxd4 12.Qxd4 Bc6 13.Rfe1 a5 14.a4 Qd7 15.h3 b6
16.Qd3 Rad8 17.b3 Ba8 18.Rad1 Qe6 19.Qb5 Qc8 20.Bd4 Be7 21.Qd3 Bb7 22.Nd5 Nxd5
23.exd5 Bf8 24.Be4 Kh8 25.c4 h6 26.f5 f6 27.Bf3 Rxe1+ 28.Rxe1 Re8 29.Re6 Qd8
30.Qe4 Re7 31.Qg4 Bc8 32.Be4 Bd7 33.Qf3 Kg8 34.Bd3 Qe8 35.Qe4 Qh5 36.Be2 Qe8
37.Bd3 Qh5 38.Kh2 Bxe6 39.fxe6 f5 40.Qxf5 Qxf5 41.Bxf5 Re8 42.Kg3 Be7 43.Bg6 Rf8
44.Bf7+ Rxf7 45.exf7+ Kxf7 46.Kf4 Bf6 47.Bf2 g6 48.Be1 Bb2 49.b4 axb4 50.Bxb4 Ke7
51.Ke4 Bf6 52.g4 Bh4 53.Bd2 Bg5 54.Be1 Kf7 55.h4 Be7 56.h5 Bg5 57.Bc3 Be7
58.Bd2 Bf8 59.a5 bxa5 60.Bxa5 Kf6 61.Kf4 gxh5 62.gxh5 c5 63.dxc6 Ke6 64.Ke4 Be7
65.Bd2 Bf8 66.Bf4 Bg7 67.c7 Kd7 68.Bxd6  1-0

[Event "BL2-O9596"]
[Site "Germany"]
[Date "1996.??.??"]
[Round "?"]
[White "Kyas, Juergen"]
[Black "Braun, Gottfried"]
[Result "1/2-1/2"]
[WhiteElo "2255"]
[BlackElo "2330"]

1.e4 d6 2.d4 Nf6 3.Nc3 e5 4.Nf3 exd4 5.Nxd4 Be7 6.Bf4 O-O 7.Qd2 Nc6 8.O-O-O Nxd4
9.Qxd4 Be6 10.Nd5 Nxd5 11.exd5 Bf5 12.Bd3 Bf6 13.Qb4 a5 14.Qd2 Bxd3 15.Qxd3 Re8
16.g3 Qd7 17.Rhe1 Qa4 18.a3 Rxe1 19.Rxe1 Re8 20.Re3 Rxe3 21.Bxe3 b6 22.f3 Qe8
23.c3 b5 24.Kd2 b4 25.axb4 axb4 26.Bd4 Bxd4 27.Qxd4 bxc3+ 28.bxc3 Qa8 29.Ke3 Qa1
30.h4 Qe1+ 31.Kf4 Qc1+ 32.Qe3 Qc2 33.Qd4 g6 34.Ke3 Qh2 35.Qg4 Kg7 36.Kd3 h5
37.Qd4+ Kg8 38.Qf4 Qf2 39.c4  1/2-1/2

[Event "BL2-O9596"]
[Site "Germany"]
[Date "1996.??.??"]
[Round "?"]
[White "Meier, Volker"]
[Black "Mirschinka, Dirk"]
[Result "1-0"]
[WhiteElo "2295"]
[BlackElo "2280"]

1.e4 d6 2.d4 Nf6 3.Nc3 e5 4.Nf3 Nbd7 5.g3 Be7 6.Bg2 O-O 7.O-O c6 8.a4 Qc7
9.b3 Re8 10.Re1 Nf8 11.h3 Be6 12.Bb2 Rad8 13.Qd2 Ng6 14.Rad1 h6 15.Kh2 Nh7
16.d5 Bc8 17.Qd3 Nf6 18.Nd2 cxd5 19.exd5 Nd7 20.Nc4 Rf8 21.Nb5 Qb8 22.b4 f5
23.Qe2 a6 24.Nc3 Qc7 25.a5 b5 26.axb6 Nxb6 27.Na5 Bf6 28.Nc6 Rde8 29.b5 e4
30.bxa6 Bxc3 31.Bxc3 Nxd5 32.Qc4 Be6 33.Ba5 Qf7 34.Qb5 Ra8 35.Qb7 Rfc8 36.c4 Nde7
37.Rxd6 Bxc4 38.Nd8 Qe8 39.a7 Ne5 40.Red1 N5c6 41.Nxc6 Nxc6 42.Bb6 Be6 43.Bf1 f4
44.gxf4 Bb3 45.R1d2 Qf7 46.Qxf7+ Bxf7 47.Ba6  1-0

[Event "BL2-S9596"]
[Site "Germany"]
[Date "1996.??.??"]
[Round "?"]
[White "Renner, Christoph"]
[Black "Miltner, Arndt"]
[Result "0-1"]
[WhiteElo "2430"]
[BlackElo "2280"]

1.e4 d6 2.d4 Nf6 3.Nc3 e5 4.Nf3 Nbd7 5.Bc4 Be7 6.O-O O-O 7.a4 c6 8.h3 b6
9.Qe2 a6 10.Rd1 Qc7 11.d5 Bb7 12.dxc6 Bxc6 13.Nh4 Nc5 14.Nf5 Ncxe4 15.Ra3 b5
16.axb5 axb5 17.Rxa8 Rxa8 18.Nxb5 Bxb5 19.Bxb5 d5 20.f3 Bc5+ 21.Kh2 Nd6 22.Nxd6 Qxd6
23.Bg5 e4+ 24.g3 exf3 25.Qxf3 Ne4 26.Bf4 Qe6 27.Bf1 g5 28.Bd2 Bf2 29.g4 Qe5+
30.Kg2 Bc5 31.Bd3 Bd6 32.Be1 Re8 33.Kf1 Re6 34.Bc3 Qh2 35.Bxe4 Rxe4 36.Rd2 Rf4
37.Rxh2 Rxf3+ 38.Rf2 Rxh3 39.Rf5 Be7 40.Rxd5 h5 41.Kg2 hxg4 42.Bd2 f6 43.b4 Kf7
44.c4 Ke6 45.Rd4 f5 46.c5 Rb3 47.Kf2 Rb2 48.Kg3 Bf6 49.Rd6+ Ke7 50.Rd5 Rb3+
51.Kg2 f4 52.c6 Rb2 53.b5 Rc2 54.Kf1 Ke6 55.Rd3 Be5 56.Ke2 Rb2 57.Rc3  0-1

[Event "BL2-O9596"]
[Site "Germany"]
[Date "1996.??.??"]
[Round "?"]
[White "Casper, Thomas"]
[Black "Roesch, Arnd"]
[Result "1/2-1/2"]
[WhiteElo "2435"]
[BlackElo "2370"]

1.e4 d6 2.d4 Nf6 3.Nc3 e5 4.dxe5 dxe5 5.Qxd8+ Kxd8 6.Bc4 Ke8 7.Nge2 Bd6 8.f3 a6
9.a4 Be6 10.Bxe6 fxe6 11.Be3 Nc6 12.O-O-O Ke7 13.Kb1 Rhb8 14.Nc1 Na5 15.Nd3 b5
16.Rhf1 Nc4 17.Bf2 b4 18.Ne2 b3 19.Nec1 bxc2+ 20.Kxc2 Nd7 21.b3 Na5 22.Bh4+ Ke8
23.Be1 Nc6 24.Bc3 Rb7 25.Ne2 Rab8 26.Rb1 Nc5 27.Nxc5 Bxc5 28.Nc1 Nd4+ 29.Bxd4 Bxd4
30.Nd3 c5 31.f4 exf4 32.Nxf4 Ke7 33.Nd3 Rc7 34.Rfc1 c4 35.Kd2 Rcc8 36.bxc4 Rxb1
37.Rxb1 Rxc4 38.Rb7+ Kf6 39.e5+ Kg6 40.Re7 Rxa4 41.Nf4+ Kf5 42.Nxe6 Bxe5
43.Nxg7+ Ke4 44.Ne6 Ra2+ 45.Kd1 Rxg2 46.Rxh7  1/2-1/2

[Event "BL2-S9596"]
[Site "Germany"]
[Date "1996.??.??"]
[Round "?"]
[White "Gerstner, Wolfgang"]
[Black "Lorscheid, Gerhard"]
[Result "1-0"]
[WhiteElo "2385"]
[BlackElo "2300"]

1.d4 d6 2.e4 Nf6 3.Nc3 e5 4.Nf3 Nbd7 5.Bc4 Be7 6.O-O O-O 7.Re1 c6 8.a4 b6
9.Qe2 a6 10.d5 cxd5 11.Nxd5 Bb7 12.Bg5 Nxd5 13.Bxd5 Bxd5 14.Bxe7 Qxe7 15.exd5 Nf6
16.c4 Qb7 17.Red1 a5 18.Ra3 Nd7 19.Ng5 Nc5 20.Rh3 h6 21.Qc2 f5 22.Ne6 Rf6
23.Nxc5 bxc5 24.Rb3 Qc7 25.Rb5 e4 26.Re1 Qe7 27.Qc3 f4 28.Qc2 Re8 29.f3 e3
30.Rxa5 e2 31.Qd3 Rf5 32.Rb5 Qh4 33.Rxe2 Rxe2 34.Rb8+  1-0

[Event "BL2-O9596"]
[Site "Germany"]
[Date "1996.??.??"]
[Round "?"]
[White "Voekler, Bernd"]
[Black "Mirschinka, Dirk"]
[Result "1-0"]
[WhiteElo "2375"]
[BlackElo "2280"]

1.e4 d6 2.d4 Nf6 3.Nc3 e5 4.Nf3 Nbd7 5.Bc4 Be7 6.O-O O-O 7.a4 c6 8.Qe2 exd4
9.Nxd4 Re8 10.Ba2 Bf8 11.Qf3 Ne5 12.Qd1 Ng6 13.Re1 Qa5 14.h3 Bd7 15.Bd2 Qb6
16.Nf5 Nxe4 17.Nh6+ gxh6 18.Nxe4 Rxe4 19.Rxe4 d5 20.Bc3 Bg7 21.Bxg7 Kxg7
22.Qd4+ Kg8 23.Qf6 Be6 24.Re3 Qa5 25.Bb3 Rf8 26.Rd1 Qc7 27.Rg3 Qd8 28.Qd4 b6
29.Qf4 h5 30.Qh6 h4 31.Rg5 Qf6 32.Qxh4 Qxb2 33.Qg3 Qf6 34.c3 Kg7 35.Re1 h6
36.Rge5 Qf4 37.Qxf4 Nxf4 38.Bc2 Rg8 39.Kh2 Kf6 40.g3 Ng6 41.Rh5 Rh8 42.f4 Bd7
43.g4 Rg8 44.Rxh6  1-0

[Event "BL2-S9596"]
[Site "Germany"]
[Date "1996.??.??"]
[Round "?"]
[White "Donev, Ivo Hristov"]
[Black "Werner, Clemens"]
[Result "1-0"]
[WhiteElo "2375"]
[BlackElo "2325"]

1.e4 d6 2.d4 Nf6 3.Nc3 e5 4.Nf3 Nbd7 5.Bc4 Be7 6.O-O O-O 7.a4 c6 8.Qe2 Qc7
9.Rd1 a5 10.h3 h6 11.Be3 Nh7 12.Rd2 b6 13.Rad1 Rd8 14.dxe5 Nxe5 15.Nxe5 dxe5
16.Qh5 Be6 17.Bxe6 fxe6 18.Qe2 Nf8 19.Qc4 Qb7 20.Qb3 Rxd2 21.Rxd2 Rb8 22.Ne2 Kf7
23.Nc1 Qc7 24.Nd3 Ng6 25.c3 c5 26.Qc4 Qc6 27.Kf1 Rd8 28.Ke2 Bg5 29.g3 Bxe3
30.Kxe3 Ke7 31.Ne1 Rxd2 32.Kxd2 Qd7+ 33.Ke2 Kf6 34.Nc2 Qc6 35.Ne3 h5 36.h4 Ke7
37.f3 Kd7 38.Qa6 Kc7 39.Nc4 Qb7 40.Qxb7+ Kxb7 41.Nd6+ Kc6 42.Ne8 b5 43.Nxg7 bxa4
44.c4 Kd6 45.Nxh5 Ke7 46.Kd3 Kf7 47.f4 exf4 48.Nxf4 Ne5+ 49.Kc3 Kf6 50.Nd3 Nd7
51.g4 Ke7 52.e5 Kf7 53.h5 Kg7 54.g5 Kf7 55.h6 Kg6 56.Nf4+ Kh7 57.Nxe6 Nxe5
58.Nxc5  1-0

[Event "BL2-W9596"]
[Site "Germany"]
[Date "1996.??.??"]
[Round "?"]
[White "Ahn, Martin"]
[Black "Buecker, Stefan"]
[Result "0-1"]
[WhiteElo "2295"]
[BlackElo "2345"]

1.e4 d6 2.d4 Nf6 3.Nc3 e5 4.Nf3 Nbd7 5.Bc4 Be7 6.O-O O-O 7.h3 c6 8.a4 b6
9.Re1 a6 10.b3 Rb8 11.Bb2 b5 12.axb5 axb5 13.Bf1 Qc7 14.Nb1 Re8 15.Nbd2 Bf8
16.c3 Bb7 17.Qc2 Rbd8 18.Rad1 Qb6 19.b4 c5 20.bxc5 dxc5 21.dxe5 Nh5 22.c4 b4
23.g3 g6 24.Nb3 Qc7 25.Rd5 Bg7 26.Kh2 Nxe5 27.Bxe5 Bxe5 28.Rxe5 Rxe5 29.Nxe5 Qxe5
30.Bg2 Ng7 31.f4 Qc7 32.Rd1 Ne6 33.Rxd8+ Qxd8 34.Qf2 Qb6 35.e5 Bxg2 36.Qxg2 Qa6
37.Qc2 Qa8 38.Kg1 Qf3 39.Kh2 h5 40.h4 Qe3 41.Kg2 Kg7 42.Kh2 Nd4 43.Nxd4 cxd4
44.Qa2 d3 45.Qa1 Kh7 46.Qa8 Qe2+ 47.Kh3 Qg4+ 48.Kh2 d2 49.Qd5 Qe2+ 50.Kh3 Kg7
51.e6 d1=Q  0-1

[Event "Bundesliga 9596"]
[Site "Germany"]
[Date "1996.??.??"]
[Round "?"]
[White "Boensch, Uwe"]
[Black "Appel, Ralf"]
[Result "1-0"]
[WhiteElo "2560"]
[BlackElo "2430"]

1.d4 d6 2.e4 Nf6 3.Nc3 Nbd7 4.Nf3 e5 5.Bc4 Be7 6.O-O O-O 7.a4 a5 8.Qe2 c6
9.Rd1 Qc7 10.h3 h6 11.Be3 Re8 12.Ba2 Nf8 13.Qc4 Bd8 14.d5 Ng6 15.Rab1 Rf8
16.b4 axb4 17.Rxb4 c5 18.Rb2 b6 19.Qf1 Nh5 20.Bc4 Nhf4 21.Kh2 Kh8 22.Ng1 f5
23.g3 fxe4 24.Nxe4 Rxa4 25.Nc3 Ra8 26.gxf4 exf4 27.Bd2 Ne5 28.f3 Bh4 29.Be1 Bg3+
30.Bxg3 fxg3+ 31.Kxg3 Qe7 32.Be2 Ng6 33.Rb3 Qe5+ 34.Kg2 Nf4+ 35.Kh1 Qh5 36.Kh2 Qe5
37.Kh1 Nh5 38.Qf2 Rf5 39.Ne4 Ra2 40.Qh2 Nf4 41.Bf1 Ra1 42.Rxa1 Qxa1 43.Nxd6 Rh5
44.Qxf4 Qxf1 45.Qf8+ Kh7 46.Qxc8 Rg5 47.Qg4 Rxg4 48.hxg4 Qd1 49.Rxb6 Qxd5
50.Ne4 c4 51.c3 Kh8 52.Rd6 Qb5 53.Kg2 Qb2+ 54.Rd2 Qc1 55.Ne2 Qb1 56.Nf4 Qb6
57.Nd5 Qa7 58.Re2 Qb7 59.Ne3 Qc6 60.Rd2 Qa6 61.Rd4 Qa2+ 62.Nf2 Kh7 63.Nxc4  1-0

[Event "BL2-S9596"]
[Site "Germany"]
[Date "1996.??.??"]
[Round "?"]
[White "Renner, Christoph"]
[Black "Bialas, Wolfram"]
[Result "1/2-1/2"]
[WhiteElo "2430"]
[BlackElo "2330"]

1.e4 d6 2.d4 Nf6 3.Nc3 Nbd7 4.f4 e5 5.Nf3 exd4 6.Nxd4 Be7 7.Be2 O-O 8.O-O Re8
9.Bf3 Bf8 10.Re1 Nb6 11.a4 c5 12.Ndb5 a6 13.Na3 Rb8 14.b3 Na8 15.Bb2 Nc7
16.a5 Ne6 17.e5 dxe5 18.fxe5 Nd7 19.Nc4 b5 20.axb6 Nxb6 21.Nxb6 Qxb6 22.Nd5 Qa7
23.Be4 Ng5 24.c4 Nxe4 25.Rxe4 Qb7 26.Re3 Be6 27.Qf3 Red8 28.Rd1 Bxd5 29.cxd5 c4
30.d6 Qxf3 31.gxf3 Rxb3 32.Rxb3 cxb3 33.Rd3 f6 34.f4 g5 35.d7 Kf7 36.fxg5 fxe5
37.Bxe5 Ke6 38.Bf6 Rxd7 39.Rxb3 Rd1+ 40.Kg2 Rd2+  1/2-1/2

[Event "BL2-S9596"]
[Site "Germany"]
[Date "1996.??.??"]
[Round "?"]
[White "Mohrlok, Dieter"]
[Black "Miltner, Arndt"]
[Result "0-1"]
[WhiteElo "2415"]
[BlackElo "2280"]

1.e4 d6 2.d4 Nf6 3.Nc3 Nbd7 4.Nf3 e5 5.Bc4 Be7 6.O-O O-O 7.a4 c6 8.a5 Rb8
9.Re1 b5 10.axb6 axb6 11.d5 b5 12.Bf1 b4 13.Na4 cxd5 14.exd5 Qa5 15.Bg5 Qxd5
16.Qxd5 Nxd5 17.Rad1 Bxg5 18.Nxg5 N7f6 19.Bc4 Bb7 20.f3 Rfd8 21.Bb3 h6 22.Ne4 Kf8
23.Rd2 Bc6 24.Kf2 Ra8 25.Nxf6 Nxf6 26.Nb6 Rab8 27.Nc4 Ke7 28.Red1 Ne8 29.Na5 Ba8
30.Ba4 Rbc8 31.Kf1 Nf6 32.Bb3 d5 33.Ra1 Rc5 34.Ra4 Rb8 35.Rd1 Rbb5 36.Rda1 Kd6
37.Ke2 Kc7 38.Kd3 Kb6 39.Nc4+ dxc4+ 40.Bxc4 Ra5 41.Rxb4+ Kc7 42.Rxa5 Rxa5
43.Bxf7 Ra1 44.Ke2 Bc6 45.Kf2 Rc1 46.Bg6 Nd5 47.Rc4 Kd6 48.Be4 Bb5 49.Rc8 Nf6
50.Bg6 Bc6 51.Rd8+ Ke7 52.Rc8 Bd7 53.Rc3 Nd5 54.Ra3 Nf4 55.Be4 Rd1 56.Ra7 Kf6
57.g3 Nh3+ 58.Ke2 Rd6 59.c4 Be6 60.Bd3 Ng1+ 61.Ke3 Nxf3 62.c5 Rd4 63.Ra6 Nxh2
64.c6 Ng4+ 65.Ke2 e4 66.Bb5 Bc4+ 67.Bxc4 Rxc4 68.b4 Ke5 69.b5 Kd4 70.Ra7 Rc2+
71.Kd1 Ne3+ 72.Ke1 Nd5 73.Kd1 Rc5 74.c7 Rxc7 75.b6 Rxa7 76.bxa7 Nc7 77.Ke2 Na8  0-1

[Event "BL2-S9596"]
[Site "Germany"]
[Date "1996.??.??"]
[Round "?"]
[White "Dudek, Richard"]
[Black "Bialas, Wolfram"]
[Result "0-1"]
[WhiteElo "2320"]
[BlackElo "2330"]

1.e4 d6 2.d4 Nf6 3.Nc3 Nbd7 4.f4 c5 5.d5 e5 6.dxe6 fxe6 7.Nf3 a6 8.e5 dxe5
9.fxe5 Ng4 10.Bf4 Be7 11.Bc4 Nb6 12.Nd2 Nf2 13.Kxf2 O-O 14.Ne2 g5 15.Rf1 gxf4
16.Kg1 Nd5 17.Bxd5 Qxd5 18.Nf3 Bd7 19.Qxd5 exd5 20.Ne1 Rf5 21.Nxf4 Rxe5 22.Ned3 Rf5
23.Rae1 Bd6 24.Ne6 Bxe6 25.Rxe6 Bxh2+ 26.Kxh2 Rxf1 27.Nxc5 Rc8 28.b4 Rf2
29.a4 Rc6 30.Re8+ Kf7 31.Rd8 Rg6 32.Rxd5 Rfxg2+ 33.Kh3 Rg1 34.Kh2 R1g4 35.Kh3 Rxb4
36.Rd7+ Kg8  0-1

[Event "Oberliga Nord N9596"]
[Site "Germany"]
[Date "1996.??.??"]
[Round "?"]
[White "Heyken, Enno"]
[Black "Stephan, Axel"]
[Result "1-0"]
[WhiteElo "2340"]
[BlackElo "2155"]

1.d4 Nf6 2.Nc3 d6 3.e4 Nbd7 4.g4 h6 5.g5 hxg5 6.Bxg5 c6 7.Qe2 Qa5 8.Nf3 e5
9.O-O-O b5 10.dxe5 dxe5 11.Nd2 Be7 12.h4 Nf8 13.Be3 Ne6 14.h5 b4 15.Nb3 Qc7
16.Na4 Nxe4 17.Bg2 Nd6 18.Qf3 e4 19.Qg3 Rb8 20.Nac5 Nf5 21.Qxc7 Nxc7 22.Bf4  1-0

[Event "BL2-S9596"]
[Site "Germany"]
[Date "1996.??.??"]
[Round "?"]
[White "Bach, Edwin"]
[Black "Miltner, Arndt"]
[Result "1/2-1/2"]
[WhiteElo "2325"]
[BlackElo "2280"]

1.e4 d6 2.d4 Nf6 3.Nc3 Nbd7 4.Nf3 e5 5.Bc4 Be7 6.O-O O-O 7.Re1 c6 8.a4 b6
9.d5 Bb7 10.dxc6 Bxc6 11.Bg5 Rc8 12.Bxf6 Nxf6 13.Qe2 Rc7 14.Red1 Qa8 15.Nd5 Nxd5
16.Bxd5 Bxd5 17.Rxd5 f5 18.c4 fxe4 19.Nd2 Rfc8 20.b3 Rc5 21.Rxc5 bxc5 22.Qxe4 Qxe4
23.Nxe4 Rb8 24.Rb1 Kf7 25.Kf1 Ke6 26.Nc3 a6 27.Ke2 Rb7 28.Kd3 Bd8 29.f3 Rf7
30.Nd5 Ba5 31.Rf1 Rb7 32.Rb1 Rf7 33.Rb2 Kd7 34.Re2 Kc6 35.Re4 Rb7 36.Kc2 Bd8
37.Re1 Ba5 38.Re2 Bd8 39.Re4 Rf7 40.Kb2 Rb7 41.h3 Rf7 42.Kc2 Rb7 43.Re2 Rf7
44.Re3 Rb7 45.Re1 Ba5 46.Re4 Bd8 47.Kc3 Ba5+ 48.Kc2 Bd8  1/2-1/2

[Event "BL2-O9697"]
[Site "Germany"]
[Date "1996.??.??"]
[Round "?.5"]
[White "Albrecht, Hans"]
[Black "Niedermaier, Hans"]
[Result "0-1"]
[WhiteElo "2295"]
[BlackElo "2250"]

1.e4 d6 2.d4 Nf6 3.Nc3 e5 4.Nf3 Nbd7 5.Bc4 Be7 6.O-O c6 7.a4 b6 8.Re1 O-O
9.h3 Qc7 10.Qe2 a6 11.d5 c5 12.Nh2 Re8 13.Nf1 Bf8 14.Ng3 g6 15.Nd1 Bg7 16.c3 Rf8
17.Ne3 Kh8 18.Bd3 Ra7 19.Ng4 Ng8 20.Rf1 Ne7 21.Ne3 Nb8 22.Nc4 Rb7 23.a5 b5
24.Nb6 c4 25.Bc2 Nd7 26.Nxc8 Qxc8 27.Be3 Qc7 28.Qd2 Rbb8 29.Ne2 Rbc8 30.Kh1 Kg8
31.f4 f6 32.b4 cxb3 33.Bxb3 f5 34.fxe5 Bxe5 35.Bg5 Nc5 36.Bc2 Nxe4 37.Bxe4 fxe4
38.Rxf8+ Rxf8 39.Qe3 Nxd5 40.Qxe4 Qc4 41.Qxc4 bxc4 42.Nd4 Nxc3 43.Nc6 Ne4
44.Nxe5 dxe5 45.Bh6 Rc8 46.Rb1 c3 47.Rb4 Nf2+ 48.Kh2 Nd3 49.Rb6 Nf4 50.Bxf4 exf4
51.Rb1 Kf7 52.Kg1 c2 53.Rc1 Ke6 54.Kf2 Kd5 55.Ke2 Kd4 56.Kd2 g5  0-1

[Event "Bundesliga 9596"]
[Site "Germany"]
[Date "1996.??.??"]
[Round "?"]
[White "Lanka, Zigurds"]
[Black "Pribyl, Josef"]
[Result "1/2-1/2"]
[WhiteElo "2510"]
[BlackElo "2405"]

1.e4 d6 2.d4 Nf6 3.Nc3 e5 4.Nf3 Nbd7 5.Bc4 Be7 6.O-O O-O 7.a4 c6 8.Re1 b6
9.b3 a6 10.Bb2 Bb7 11.Bd3 Re8 12.Ne2 Bf8 13.Ng3 g6 14.c3 Bg7 15.b4 Qc7 16.Qb3 Re7
17.Rad1 Rae8 18.dxe5 Nxe5 19.Nxe5 dxe5 20.Bb1 Rd8 21.Rxd8+ Qxd8 22.Ba2 Bh6
23.Rd1 Qc7 24.f3 Bc8 25.Qc2 Rd7 26.Nf1 Rxd1 27.Qxd1 Qd7 28.Qc2 Qd6 29.Bc1 Bxc1
30.Qxc1 Ne8 31.Qe3 c5 32.a5 cxb4 33.cxb4 bxa5 34.bxa5 Nc7 35.h4 Be6 36.Bxe6 Nxe6
37.Kh2 Nd4 38.Qe1 Qc5  1/2-1/2